Unemployment, capital-labor substitution, and economic growth

Guardado en:
Detalles Bibliográficos
Autor principal: Rowthorn, Robert
Formato: Libro
Lenguaje:inglés
Publicado: Washington International Monetary Fund 1999
Colección:IMF Working Paper 43
Materias:
Etiquetas: Agregar Etiqueta
Sin Etiquetas, Sea el primero en etiquetar este registro!

MARC

LEADER 00000nam a2200000 4500
001 c110415
005 20221221083846.6
041 0 |a eng 
044 |a US 
245 1 0 |a Unemployment, capital-labor substitution, and economic growth  |c Robert Rowthorn 
264 1 |a Washington  |b International Monetary Fund  |c 1999 
300 |a 38 s. 
490 1 |a IMF Working Paper  |v 43 
830 0 |a IMF Working Paper  |v 43 
610 2 0 |a nezamestnanosť 
610 2 0 |a rast hospodársky 
610 2 0 |a kapitál 
610 2 0 |a pokrok technický 
610 2 0 |a zamestnanosť 
610 2 0 |a mzdy reálne 
610 2 0 |a kapitál 
610 2 0 |a práca 
610 2 0 |a substitúcia 
100 1 |a Rowthorn, Robert